000 01071nas a2200349 4500
001 BR2010002392
003 BR-BrBNA
005 20231205115329.0
007 ta
008 230509b bl.|||p| |||| 00| 00por d
040 _aBR-BrBNA
_bpor
_cBiblioteca Nacional de Agricultura
041 _a(Pt)
072 _aF30
100 1 _aGuimarães, N.C.C.
100 1 _aTorga, P.P.
100 1 _aResende, E.C. de
100 1 _aChalfun júnior, A.
100 1 _aPaiva, E.
100 1 _aPaiva, L.V.
245 1 _aIdentificação de variantes somaclonais em bananeiras "prata anã", utilizando técnicas moleculares e citogenéticas
650 _aGENÉTICA VEGETAL
650 _aBANANA ANÃ
650 _aCITOGENÉTICA
650 _aGENÉTICA MOLECULAR
650 _aVARIAÇÃO CLONAL
650 _aSELEÇÃO FENÓTIPA
650 _aIDENTIFICAÇÃO
650 _aMARCADORES
773 0 _tCiência e Agrotecnologia (Brazil)
_x1413-7054
_g(Mar-Apr 2009), v. 33(2) p. 448-454
_wBR2010002392
909 _a202311
_bLúcia
_c55
_dLúcia Elande
942 _2AGRIS
_n0
_cANA
999 _c213257
_d213257